The 'P' Quiz - General Knowledge - Statistics

General Stats
  • This quiz has been taken 86 times
  • The average score is 14 of 20
Answer Stats
Hint Answer % Correct
2) The city of Lima is the capital of which country? Peru
100%
4) Painter born Pablo Ruiz in Malaga, Spain, used his mothers maiden name which was? Picasso
94%
6) 2 lines extending in the same direction and at the same distance apart are said to be ? Parallel
93%
18) The main language of Brazil is? Portuguese
93%
8) A secondary colour intermediate between red and blue.? Purple
90%
15) The tabular display of the chemical elements is known as the " ******** Table'? Periodic
88%
11) Iran was originally called ? Persia
88%
14) A five sided polygon is called a ? Pentagon
87%
16) The largest dwarf planet in the Kuiper Belt is ? Pluto
87%
17) An estate on which crops such as coffee, sugar, and tobacco are grown is known as a ? Plantation
86%
7) An instrument that makes a sound when it is hit, shaken, or scraped is in which family? Percussion
83%
20) A rare but serious bacterial infection that's transmitted by fleas is Bubonic ******? Plague
81%
10) The smallest of the landlocked countries of the 'Americas'? Paraguay
71%
13) The Italian member of the 'Three Tenors'? Pavarotti
71%
12) Long, thick, a large type of banana is known as? Plantain
65%
3) He proved the 'germ' theory of disease? Pasteur
51%
9) Mythological Greek Hero renowned for slaying of the Gorgon Medusa? Perseus
49%
5) 17th Century diarist who saved a cheese by burial during the 'Great Fire of London'? Pepys
30%
19) A Scaly Anteater, a mammal of the order Pholidota is called a ******** ? Pangolin
22%
1) Captain Ahab's ship in Moby Dick? Pequod
20%
No matching quizzes found
Score Distribution
Percent of People with Each Score
Percentile by Number Answered
Your Score History
You have not taken this quiz